Szczegóły MARC21

Słownik przyrodniczy kręgowców : polsko-angielsko-francuski (i nazewnictwo naukowe) = Dictionary of vertebrata : Polish-English-French (and scientific names) = Dictionnaire des vertébrés : polonais-anglais-fraiçais (et noms scientifiques). T. 1, Ptaki = birds = oiseaux = aves /

003 -Nazwa inst., której nr kontr. jest w polu 001 [,]
    • @
    • Nazwa instytucji, której n kontrolny jest w polu 001
    • NUKAT
005 -DATA I CZAS OSTATNIEJ MODYFIKACJI [,]
    • @
    • pole kontrolne
    • 20241231112513.0
020 -Międzynarod. znormalizowany nr książki - ISBN [ , ]
    • a
    • Numer ISBN
    • 9788360655504 Find
040 -Instytucja sporządzająca opis [ , ]
    • a
    • Instytucja, która sporządziła opis (NP)
    • KR U/sid
    • c
    • Instytucja, która sporządziła rekord (NP)
    • KR U/sid
    • d
    • Instytucja, która zmodyfikowała rekord (P)
    • Ł U/MRs
    • d
    • Instytucja, która zmodyfikowała rekord (P)
    • KR U/GZs
041 -Język dokumentu [0, ]
    • a
    • Język tekstu (P)
    • polski
    • a
    • Język tekstu (P)
    • angielski
    • a
    • Język tekstu (P)
    • francuski
942 -Rodzaj dokumentu [ , ]
    • c
    • Rodzaj dokumentu
    • Książka
100 -Hasło główne - nazwa osobowa [1, ]
    • a
    • Nazwa osobowa (NP)
    • Lepert, Rajmund.
    • 9
    • KHW
    • 40746
245 -Strefa tytułu i oznaczenia odpowiedzialności [1,0]
    • a
    • Tytuł
    • Słownik przyrodniczy kręgowców : Find
    • b
    • Ciąg dalszy tytułu (NP)
    • polsko-angielsko-francuski (i nazewnictwo naukowe) = Dictionary of vertebrata : Polish-English-French (and scientific names) = Dictionnaire des vertébrés : polonais-anglais-fraiçais (et noms scientifiques). Find
    • n
    • Oznaczenie części (P)
    • T. 1,
    • p
    • Nazwa części (P)
    • Ptaki = birds = oiseaux = aves /
    • c
    • Pozostałe elementy strefy tytułu i oznaczenia odpowiedzialności (NP)
    • Rajmund Lepert.
246 -Wariant tytułu [3,1]
    • a
    • Tytuł (NP)
    • Dictionary of vertebrata : Polish-English-French (and scientific names).
    • n
    • Numer części
    • T. 1,
    • p
    • Nazwa części
    • Birds
246 -Wariant tytułu [3,1]
    • a
    • Tytuł (NP)
    • Dictionnaire des vertébrés : polonais-anglais-fraiçais (et noms scientifiques).
    • n
    • Numer części
    • T. 1,
    • p
    • Nazwa części
    • Oiseaux
260 -Strefa adresu wydawniczego [ , ]
    • a
    • Miejsce wydania (P)
    • Łódź :
    • b
    • Nazwa wydawcy (P)
    • Łódzkie Towarzystwo Naukowe,
    • c
    • Data wydania (P)
    • 2011.
300 -Strefa opisu fizycznego [ , ]
    • a
    • Określenie formy książki i/lub objętość (NP)
    • 732 s. ;
    • c
    • Format (NP)
    • 24 cm.
336 -Typ zawartości [ , ]
    • a
    • Termin opisujący typ zawartości
    • Tekst
    • b
    • Kod określający zawartość
    • txt
    • 2
    • Źródło (terminu i kodu)
    • rdacontent
337 -Typ mediów [ , ]
    • a
    • Tryb odtwarzania
    • Bez urządzenia pośredniczącego
    • b
    • Kod typu mediów
    • n
    • 2
    • Źródło (terminu i kodu)
    • rdamedia
338 -Typ/rodzaj nośnika [ , ]
    • a
    • Hasło opisujące typ nośnika
    • Wolumin
    • b
    • Kod typu nośnika
    • nc
    • 2
    • Źródło (terminu i kodu)
    • rdacarrier
504 -Uwaga dot. bibliogr. załącznikowej [ , ]
    • a
    • Uwaga dot. bibliografii załącznikowej
    • Bibliogr. s. 731-732.
080 -Uniwersalna Klasyfikacja Dziesiętna [ , ]
    • 2
    • Identyfikator wydania tablic
    • UDC-P058
    • 9
    • UKD
    • 4461
    • a
    • Symbol klasyfikacji
    • 597/599
    • b
    • Dopowiedzenie
    • Kręgowce.
    • 4
    • UKD2
    • 7663
    • x
    • Poddział wspólny
    • (038)
    • c
    • Dopowiedzenie poddz. wspólnego
    • (Słowniki).
    • 4
    • UKD2
    • 7660
    • x
    • Poddział wspólny
    • =162.1
    • c
    • Dopowiedzenie poddz. wspólnego
    • =Język polski.
    • 4
    • UKD2
    • 7644
    • x
    • Poddział wspólny
    • =111
    • c
    • Dopowiedzenie poddz. wspólnego
    • =Język angielski.
    • 4
    • UKD2
    • 7653
    • x
    • Poddział wspólny
    • =133.1
    • c
    • Dopowiedzenie poddz. wspólnego
    • =Język francuski.
650 -Hasło przedmiotowe [ ,7]
    • a
    • Hasło przedmiotowe
    • Ptaki
    • v
    • Określnik formalny
    • słowniki wielojęzyczne.
    • 2
    • Źródło terminu
    • kaba
    • 9
    • KHW
    • 365017
650 -Hasło przedmiotowe [ ,7]
    • a
    • Hasło przedmiotowe
    • Ptaki
    • x
    • Określnik rzeczowy
    • nomenklatura.
    • 2
    • Źródło terminu
    • kaba
    • 9
    • KHW
    • 365016
980 -Symbol UKD [ , ]
    • a
    • UKD
    • 597/599(038)=162.1=111=133.1
920 -ISBN [ , ]
    • a
    • ISBN
    • 978-83-60655-50-4 Find
Numer inwentarzowy Status udost. Lokalizacja Data inwentaryzacji
Z.1158071BG2012-03-02